[Event "EU YCH Team U12 boys"]
[Site "Thessaloniki"]
[Date "2022.07.18"]
[Round "7.3"]
[White "Golubovic, Erik"]
[Black "Sternfeld, Tomer"]
[Result "1/2-1/2"]
[WhiteElo "1594"]
[BlackElo "1615"]
[PlyCount "91"]
[EventDate "2022.07.12"]
[EventType "swiss"]
[EventRounds "7"]
[EventCountry "GRE"]
[SourceTitle "Youth Database"]
[Source "CBase R.Goldau"]
[SourceDate "2000.03.01"]
[SourceVersion "1"]
[SourceVersionDate "2022.07.18"]
[SourceQuality "1"]
[WhiteTeam "Kroatien"]
[BlackTeam "Israel"]
[WhiteTeamCountry "CRO"]
[BlackTeamCountry "ISR"]

1. e4 c5 2. Nf3 Nc6 3. c3 Nf6 4. e5 Nd5 5. Bc4 Nb6 6. Bb3 d5 7. exd6 Qxd6 8.
O-O Be6 9. Bxe6 Qxe6 10. d4 cxd4 11. cxd4 Rd8 12. Nc3 Qc4 13. Be3 e6 14. a3 Be7
15. Qc2 Na5 16. b4 Nd5 17. Qa4+ Qc6 18. Qxa5 Nxc3 19. Qxa7 b5 20. Ne5 Qd5 21.
Qc7 Ne4 22. Nc6 Rd7 23. Qc8+ Bd8 24. Nxd8 Rxd8 25. Qc2 O-O 26. Rfc1 Ra8 27. Qc6
Qxc6 28. Rxc6 Rfb8 29. f3 Nf6 30. Kf2 Nd5 31. Bc1 Nxb4 32. Rc3 Nd5 33. Rb3 Rb7
34. Rab1 Rab8 35. Bd2 h5 36. Bb4 Ra8 37. Bc5 Ra5 38. R1b2 Rb8 39. h4 Rb7 40.
Rb1 f6 41. Re1 Kf7 42. g3 Ra6 43. Reb1 Ra5 44. Re1 Ra6 45. Reb1 Ra5 46. Re1
1/2-1/2

[Event "EU YCH Team U12 boys"]
[Site "Thessaloniki"]
[Date "2022.07.18"]
[Round "7.4"]
[White "Belkovsky, Guy"]
[Black "Mocic, Ivano"]
[Result "0-1"]
[WhiteElo "1358"]
[BlackElo "1577"]
[PlyCount "48"]
[EventDate "2022.07.12"]
[EventType "swiss"]
[EventRounds "7"]
[EventCountry "GRE"]
[SourceTitle "Youth Database"]
[Source "CBase R.Goldau"]
[SourceDate "2000.03.01"]
[SourceVersion "1"]
[SourceVersionDate "2022.07.18"]
[SourceQuality "1"]
[WhiteTeam "Israel"]
[BlackTeam "Kroatien"]
[WhiteTeamCountry "ISR"]
[BlackTeamCountry "CRO"]

1. e4 c5 2. d4 cxd4 3. c3 dxc3 4. Nxc3 d6 5. Nf3 Nf6 6. Bc4 e6 7. O-O Be7 8. h3
a6 9. a4 b6 10. Qe2 Bb7 11. Rd1 Nbd7 12. Bf4 e5 13. Bh2 O-O 14. Nd5 Nxd5 15.
Bxd5 Bxd5 16. Rxd5 Qc7 17. Rd3 Rfc8 18. Rc3 Qb7 19. Rcc1 Rxc1+ 20. Rxc1 Nc5 21.
Rc4 b5 22. axb5 axb5 23. Rb4 Ra1+ 24. Ne1 Nd3 0-1

[Event "EU YCH Team U12 boys"]
[Site "Thessaloniki"]
[Date "2022.07.18"]
[Round "7.1"]
[White "Zerey, Demhat"]
[Black "Taragan, Uri"]
[Result "1-0"]
[WhiteElo "1497"]
[BlackElo "1843"]
[PlyCount "75"]
[EventDate "2022.07.12"]
[EventType "swiss"]
[EventRounds "7"]
[EventCountry "GRE"]
[SourceTitle "Youth Database"]
[Source "CBase R.Goldau"]
[SourceDate "2000.03.01"]
[SourceVersion "1"]
[SourceVersionDate "2022.07.18"]
[SourceQuality "1"]
[WhiteTeam "Türkei"]
[BlackTeam "Israel"]
[WhiteTeamCountry "TUR"]
[BlackTeamCountry "ISR"]

1. e4 e6 2. d4 d5 3. Nc3 Nf6 4. Bg5 Be7 5. e5 Nfd7 6. h4 h6 7. Bxe7 Qxe7 8. Qg4
O-O 9. f4 f5 10. Qf3 a6 11. O-O-O c5 12. Nge2 Nc6 13. h5 cxd4 14. Nxd4 Nc5 15.
Kb1 Nxd4 16. Rxd4 b5 17. Qe3 Bb7 18. Be2 Rac8 19. a3 Qc7 20. Qd2 Ne4 21. Nxe4
dxe4 22. c3 Rfd8 23. Rd1 Bd5 24. g4 Qf7 25. Rf1 Kf8 26. Qe3 Rd7 27. Rfd1 Rcc7
28. R1d2 Ke8 29. a4 Bc6 30. axb5 Bxb5 31. c4 Bc6 32. Rd6 Rxd6 33. Rxd6 Bb7 34.
Qb6 Bc8 35. gxf5 exf5 36. c5 Rd7 37. e6 Rxd6 38. exf7+ 1-0

[Event "EU YCH Team U12 boys"]
[Site "Thessaloniki"]
[Date "2022.07.18"]
[Round "7.2"]
[White "Shefer, Uri"]
[Black "Kolat, Ata"]
[Result "0-1"]
[WhiteElo "1882"]
[BlackElo "1621"]
[PlyCount "62"]
[EventDate "2022.07.12"]
[EventType "swiss"]
[EventRounds "7"]
[EventCountry "GRE"]
[SourceTitle "Youth Database"]
[Source "CBase R.Goldau"]
[SourceDate "2000.03.01"]
[SourceVersion "1"]
[SourceVersionDate "2022.07.18"]
[SourceQuality "1"]
[WhiteTeam "Israel"]
[BlackTeam "Türkei"]
[WhiteTeamCountry "ISR"]
[BlackTeamCountry "TUR"]

1. d4 Nf6 2. c4 e6 3. g3 d5 4. Bg2 Be7 5. Nf3 O-O 6. O-O c6 7. Qc2 Nbd7 8. Nbd2
Bd6 9. e4 dxe4 10. Nxe4 Nxe4 11. Qxe4 Nf6 12. Qc2 Qe7 13. c5 Bc7 14. Re1 Rd8
15. Bd2 h6 16. a4 Nd5 17. b4 Bd7 18. Qb3 b6 19. Rac1 Rab8 20. b5 bxc5 21. dxc5
Qf6 22. Be3 Nxe3 23. Qxe3 Be8 24. Ra1 Rdc8 25. Nd4 cxb5 26. axb5 Bxb5 27. Rxa7
Bd8 28. Bb7 Rxc5 29. Nxb5 Rxb5 30. Bc6 Bb6 31. Qe2 Rb2 0-1

[Event "EU YCH Team U12 boys"]
[Site "Thessaloniki"]
[Date "2022.07.18"]
[Round "7.3"]
[White "Sevig, Mert Can"]
[Black "Azoulay, Yehonatan"]
[Result "1/2-1/2"]
[WhiteElo "1604"]
[BlackElo "1805"]
[PlyCount "166"]
[EventDate "2022.07.12"]
[EventType "swiss"]
[EventRounds "7"]
[EventCountry "GRE"]
[SourceTitle "Youth Database"]
[Source "CBase R.Goldau"]
[SourceDate "2000.03.01"]
[SourceVersion "1"]
[SourceVersionDate "2022.07.18"]
[SourceQuality "1"]
[WhiteTeam "Türkei"]
[BlackTeam "Israel"]
[WhiteTeamCountry "TUR"]
[BlackTeamCountry "ISR"]

1. e4 c5 2. Nc3 Nc6 3. g3 g6 4. Bg2 Bg7 5. d3 e6 6. Be3 Nd4 7. Nce2 Ne7 8. c3
Nxe2 9. Nxe2 b6 10. d4 cxd4 11. Bxd4 e5 12. Be3 Bb7 13. c4 Rc8 14. Qa4 Nc6 15.
Rd1 Na5 16. Rc1 O-O 17. O-O f5 18. Rfd1 Bc6 19. Qa3 Bxe4 20. Bxe4 fxe4 21. b3
Nc6 22. Qd6 Rf7 23. Nc3 Nd4 24. Bxd4 exd4 25. Nxe4 Kh8 26. Rxd4 Qe7 27. Qxe7
Rxe7 28. Rcd1 Bxd4 29. Rxd4 Kg7 30. f3 Rc6 31. Kf2 b5 32. c5 Ra6 33. Rd2 h6 34.
Nd6 Rc6 35. b4 a6 36. Rd5 Kf8 37. f4 Re6 38. g4 Rf6 39. f5 g5 40. Ne4 Rf7 41.
Nd6 Rf6 42. Kg3 Rc7 43. Rd3 Rc6 44. h4 Rc7 45. Ne4 Rfc6 46. hxg5 hxg5 47. Nxg5
a5 48. a3 axb4 49. axb4 Ra6 50. Ne4 Ra4 51. Rd4 d6 52. cxd6 Rc4 53. Rxc4 bxc4
54. f6 Ra3+ 55. Kf4 Rd3 56. g5 c3 57. Nxc3 Rxc3 58. g6 Rd3 59. Ke5 Re3+ 60. Kd5
Rd3+ 61. Kc5 Rc3+ 62. Kd4 Rc1 63. b5 Rd1+ 64. Kc5 Rc1+ 65. Kb6 Rd1 66. Kc7 Rc1+
67. Kd7 Rb1 68. Kc6 Rc1+ 69. Kd7 Rb1 70. Kc7 Rc1+ 71. Kd8 Rb1 72. d7 Rb2 73.
Kc7 Rc2+ 74. Kd8 Rb2 75. f7 Rb1 76. Kc7 Rc1+ 77. Kb8 Rd1 78. d8=Q+ Rxd8+ 79.
Kc7 Rd1 80. b6 Rc1+ 81. Kb8 Rb1 82. b7 Rb2 83. Kc7 Rc2+ 1/2-1/2

[Event "EU YCH Team U12 boys"]
[Site "Thessaloniki"]
[Date "2022.07.18"]
[Round "7.4"]
[White "Shilon Rahav, Eliran"]
[Black "Madsman, Berk"]
[Result "0-1"]
[WhiteElo "1922"]
[BlackElo "1437"]
[PlyCount "110"]
[EventDate "2022.07.12"]
[EventType "swiss"]
[EventRounds "7"]
[EventCountry "GRE"]
[SourceTitle "Youth Database"]
[Source "CBase R.Goldau"]
[SourceDate "2000.03.01"]
[SourceVersion "1"]
[SourceVersionDate "2022.07.18"]
[SourceQuality "1"]
[WhiteTeam "Israel"]
[BlackTeam "Türkei"]
[WhiteTeamCountry "ISR"]
[BlackTeamCountry "TUR"]

1. e4 c6 2. d4 d5 3. exd5 cxd5 4. Bf4 Nc6 5. c3 Nf6 6. Bd3 g6 7. Nf3 Bg7 8. O-O
O-O 9. Re1 Bf5 10. Bxf5 gxf5 11. Ne5 e6 12. a4 Ne4 13. f3 Nd6 14. b4 Nxe5 15.
Bxe5 Nc4 16. Bxg7 Kxg7 17. Na3 Rc8 18. Nxc4 Rxc4 19. Qd2 Kh8 20. a5 Rg8 21.
Reb1 Qg5 22. Qxg5 Rxg5 23. Rb3 Rg8 24. Kf2 Kg7 25. g3 Rgc8 26. Raa3 Kf6 27. f4
h5 28. h4 Ke7 29. Ke3 Kd6 30. Kf2 f6 31. Kf3 e5 32. dxe5+ fxe5 33. fxe5+ Kxe5
34. b5 Kd6 35. Kf2 Rg8 36. b6 a6 37. Rb4 Rgg4 38. Rxc4 Rxc4 39. Kf3 Kc5 40. Ke3
Kb5 41. Kf3 Kc5 42. Ke3 Rg4 43. Kf2 Kc4 44. Kf3 Kd3 45. Kf2 Rc4 46. Kf3 Rxc3
47. Ra2 Rc4 48. Ra3+ Kd2 49. Ra2+ Rc2 50. Ra1 d4 51. Kf4 d3 52. Kf3 Rb2 53. Rg1
Kc2 54. Ra1 Rb5 55. Ra2+ Kb3 0-1

[Event "EU YCH Team U12 boys"]
[Site "Thessaloniki"]
[Date "2022.07.18"]
[Round "7.1"]
[White "Sowinski, Pawel"]
[Black "Shevchenko, Yaroslav"]
[Result "1-0"]
[WhiteElo "2136"]
[BlackElo "1845"]
[PlyCount "165"]
[EventDate "2022.07.12"]
[EventType "swiss"]
[EventRounds "7"]
[EventCountry "GRE"]
[SourceTitle "Youth Database"]
[Source "CBase R.Goldau"]
[SourceDate "2000.03.01"]
[SourceVersion "1"]
[SourceVersionDate "2022.07.18"]
[SourceQuality "1"]
[WhiteTeam "Polen"]
[BlackTeam "Ukraine"]
[WhiteTeamCountry "POL"]
[BlackTeamCountry "UKR"]

1. e4 e6 2. b3 d5 3. Bb2 dxe4 4. Nc3 Nf6 5. Qe2 Be7 6. O-O-O O-O 7. Nxe4 a5 8.
a4 Bd7 9. Nf3 Na6 10. d4 Nb4 11. Ne5 Bc6 12. Nxc6 Nxc6 13. g4 Nxe4 14. Qxe4
Bg5+ 15. Kb1 Qd5 16. Bd3 Qxe4 17. Bxe4 Rad8 18. h4 Bf4 19. Rh3 f5 20. gxf5 exf5
21. Bxc6 bxc6 22. Rf3 Be5 23. Rdd3 Bh2 24. h5 Rd5 25. Ba3 Rf6 26. Rfe3 h6 27.
Re8+ Kh7 28. Re7 f4 29. Rh3 Bg1 30. c4 Rg5 31. Rf3 Rxh5 32. Bc5 Rh2 33. d5 cxd5
34. cxd5 Rh5 35. Bd4 Rg6 36. Rxf4 Rxd5 37. Bc3 Bh2 38. Rff7 Rdg5 39. Bd4 Bd6
40. Rd7 Rg4 41. Be3 Rb4 42. Kc2 Be5 43. Rd3 Rc6+ 44. Kd2 Rg4 45. Rf5 Bd6 46.
Ke2 Bb4 47. Rf7 Rc2+ 48. Kf3 Rg6 49. Bd4 Bd6 50. Bc3 Rg5 51. Bd2 Kg6 52. Rd7
Rf5+ 53. Kg2 Rf8 54. Kg1 Kh7 55. Bc3 Rg8 56. Bxa5 Rc5 57. Bd2 Rf5 58. Rd4 Rf3
59. b4 Rgf8 60. Rg4 Be5 61. Be3 Ra8 62. b5 Rf5 63. Re4 Bd6 64. b6 Rc8 65. Rc4
Rd5 66. Kf1 c6 67. b7 Rb8 68. Rxc6 h5 69. Rc8 Ra5 70. Rxb8 Bxb8 71. Rd8 Be5 72.
f4 Bc7 73. Bb6 Bxb6 74. Ra8 Ba7 75. Rxa7 Rxa7 76. b8=Q Rxa4 77. Qe5 g6 78. f5
gxf5 79. Qxf5+ Kh6 80. Qf6+ Kh7 81. Qe7+ Kh6 82. Qe3+ Kg6 83. Qe8+ 1-0

[Event "EU YCH Team U12 boys"]
[Site "Thessaloniki"]
[Date "2022.07.18"]
[Round "7.2"]
[White "Rudenko, Taras"]
[Black "Cieslak, Patryk"]
[Result "0-1"]
[WhiteElo "1746"]
[BlackElo "2029"]
[PlyCount "68"]
[EventDate "2022.07.12"]
[EventType "swiss"]
[EventRounds "7"]
[EventCountry "GRE"]
[SourceTitle "Youth Database"]
[Source "CBase R.Goldau"]
[SourceDate "2000.03.01"]
[SourceVersion "1"]
[SourceVersionDate "2022.07.18"]
[SourceQuality "1"]
[WhiteTeam "Ukraine"]
[BlackTeam "Polen"]
[WhiteTeamCountry "UKR"]
[BlackTeamCountry "POL"]

1. e4 e6 2. d4 d5 3. exd5 exd5 4. Bd3 c5 5. c3 Nf6 6. Nf3 c4 7. Bc2 Be7 8. O-O
O-O 9. Ne5 Nc6 10. Bg5 h6 11. Bxf6 Bxf6 12. f4 Ne7 13. Nd2 Bf5 14. Ndf3 Re8 15.
Qd2 Qc7 16. Rae1 a6 17. Kh1 Qc8 18. Rg1 Bxe5 19. dxe5 Bxc2 20. Qxc2 Qg4 21. Nd4
Qxf4 22. Rgf1 Qg5 23. Rf3 Nc6 24. Nxc6 bxc6 25. Rf5 Qg6 26. Qf2 Re7 27. Rf1
Rae8 28. Qf4 c5 29. h3 Rd7 30. Rf3 Qe6 31. Rg3 d4 32. Rh5 Kh8 33. Rf5 d3 34.
Rf6 d2 0-1

[Event "EU YCH Team U12 boys"]
[Site "Thessaloniki"]
[Date "2022.07.18"]
[Round "7.3"]
[White "Witczak, Borys"]
[Black "Bubelo, Mykola"]
[Result "1-0"]
[WhiteElo "1766"]
[BlackElo "1535"]
[PlyCount "159"]
[EventDate "2022.07.12"]
[EventType "swiss"]
[EventRounds "7"]
[EventCountry "GRE"]
[SourceTitle "Youth Database"]
[Source "CBase R.Goldau"]
[SourceDate "2000.03.01"]
[SourceVersion "1"]
[SourceVersionDate "2022.07.18"]
[SourceQuality "1"]
[WhiteTeam "Polen"]
[BlackTeam "Ukraine"]
[WhiteTeamCountry "POL"]
[BlackTeamCountry "UKR"]

1. e4 e6 2. d4 d5 3. Nd2 Be7 4. Ngf3 Nf6 5. e5 Nfd7 6. Bd3 c5 7. c3 Nc6 8. O-O
g5 9. Nb1 h5 10. Be3 g4 11. Ne1 c4 12. Bc2 Nf8 13. f3 Rg8 14. fxg4 hxg4 15. Qe2
Bg5 16. Bxg5 Qxg5 17. Qf2 Nd8 18. g3 Rb8 19. Ng2 Nd7 20. Ne3 Rf8 21. Qf4 Qxf4
22. Rxf4 b5 23. a3 Ke7 24. Nxg4 Nb6 25. Nd2 a5 26. Nf3 Nd7 27. Ng5 b4 28. axb4
axb4 29. Raf1 bxc3 30. bxc3 Rb2 31. R1f2 Ke8 32. h4 Bb7 33. Ba4 Rb1+ 34. Rf1
Rxf1+ 35. Kxf1 Bc6 36. Bxc6 Nxc6 37. Nh6 Nd8 38. Ng4 Rh8 39. Nf6+ Nxf6 40. Rxf6
Kf8 41. Kf2 Kg7 42. Kf3 Kg8 43. Kg4 Kg7 44. h5 Rh6 45. Rxh6 Kxh6 46. Kh4 Kg7
47. Nf3 Kh6 48. Nh2 Kg7 49. Kg5 Nc6 50. Ng4 Ne7 51. h6+ Kf8 52. Ne3 Nc6 53. Ng2
Ne7 54. g4 Nc6 55. Nf4 Ne7 56. Nh5 Kg8 57. Kf6 Ng6 58. h7+ Kxh7 59. Kxf7 Kh6
60. Kxe6 Kg5 61. Kxd5 Kxg4 62. Nf6+ Kf5 63. Kxc4 Nf4 64. Nd5 Ng6 65. Kd3 Ke6
66. Ke4 Nf8 67. c4 Kd7 68. Nf6+ Kc7 69. Kf5 Kd8 70. d5 Ke7 71. c5 Kd8 72. c6
Kc7 73. Kg5 Kc8 74. Kh6 Kc7 75. Kg7 Nd7 76. cxd7 Kd8 77. Kf7 Kc7 78. d6+ Kd8
79. Ne4 Kxd7 80. e6+ 1-0

[Event "EU YCH Team U12 girls"]
[Site "Thessaloniki"]
[Date "2022.07.12"]
[Round "1.1"]
[White "Jayawarna, Thisumi"]
[Black "Aydogan, Arya"]
[Result "1/2-1/2"]
[WhiteElo "1369"]
[BlackElo "1460"]
[PlyCount "62"]
[EventDate "2022.07.12"]
[EventType "tourn"]
[EventRounds "7"]
[EventCountry "GRE"]
[SourceTitle "Youth Database"]
[Source "CBase R.Goldau"]
[SourceDate "2000.03.01"]
[SourceVersion "1"]
[SourceVersionDate "2022.07.18"]
[SourceQuality "1"]
[WhiteTeam "England"]
[BlackTeam "Türkei"]
[WhiteTeamCountry "ENG"]
[BlackTeamCountry "TUR"]

1. e4 e5 2. Nf3 Nc6 3. Bc4 Bc5 4. O-O Nf6 5. d3 d6 6. h3 h6 7. c3 a6 8. Re1 O-O
9. Nbd2 Be6 10. Bb3 Bxb3 11. Qxb3 Qd7 12. Nf1 Bb6 13. Ng3 Ne7 14. Nh4 Qe6 15.
Qd1 d5 16. exd5 Qxd5 17. d4 Rad8 18. Qf3 Nc6 19. dxe5 Nxe5 20. Qxd5 Rxd5 21.
Nhf5 Re8 22. Be3 Nd3 23. Re2 Bxe3 24. Nxe3 Nf4 25. Nxd5 Nxe2+ 26. Nxe2 Rxe2 27.
Nxf6+ gxf6 28. Rb1 Kg7 29. g3 f5 30. Kg2 Kf6 31. Kf3 Rc2 1/2-1/2

[Event "EU YCH Team U12 girls"]
[Site "Thessaloniki"]
[Date "2022.07.12"]
[Round "1.2"]
[White "Mutlu, Julide Aysu"]
[Black "Ashton, Alannah"]
[Result "1-0"]
[WhiteElo "1228"]
[BlackElo "1240"]
[PlyCount "117"]
[EventDate "2022.07.12"]
[EventType "tourn"]
[EventRounds "7"]
[EventCountry "GRE"]
[SourceTitle "Youth Database"]
[Source "CBase R.Goldau"]
[SourceDate "2000.03.01"]
[SourceVersion "1"]
[SourceVersionDate "2022.07.18"]
[SourceQuality "1"]
[WhiteTeam "Türkei"]
[BlackTeam "England"]
[WhiteTeamCountry "TUR"]
[BlackTeamCountry "ENG"]

1. Nf3 d5 2. b3 Nf6 3. Bb2 Bg4 4. e3 e6 5. a3 Bd6 6. d4 O-O 7. Nbd2 Nbd7 8. Be2
Bxf3 9. Nxf3 Ne4 10. O-O c6 11. Ne5 Bxe5 12. dxe5 Qg5 13. f4 Qe7 14. Rf3 a5 15.
Rh3 Rfd8 16. Bd3 f5 17. g4 Qf7 18. gxf5 Qxf5 19. Rh5 Qf7 20. Bxe4 dxe4 21. Qg4
g6 22. Rh3 Qf5 23. Qh4 Nf8 24. Bd4 Rd7 25. Kh1 Rg7 26. Rg1 Rc8 27. Rhg3 c5 28.
Bc3 b6 29. Rg5 Qf7 30. Qh3 c4 31. b4 axb4 32. Bxb4 c3 33. Qg2 h6 34. Rg3 Qf5
35. Bxf8 Kxf8 36. Rxg6 Rxg6 37. Qxg6 Qxg6 38. Rxg6 Kf7 39. Rxh6 Rd8 40. Rh7+
Kg8 41. Rc7 Rd1+ 42. Kg2 Rd2+ 43. Kg3 Rxc2 44. h4 Rc1 45. h5 c2 46. Kg2 Re1 47.
Rxc2 Rxe3 48. Rc4 Rxa3 49. Rxe4 b5 50. Kf2 Ra4 51. Ke3 Rxe4+ 52. Kxe4 Kh7 53.
f5 exf5+ 54. Kxf5 b4 55. Ke4 Kg7 56. Kd4 Kf7 57. h6 Kg6 58. e6 Kxh6 59. e7 1-0

[Event "EU YCH Team U12 girls"]
[Site "Thessaloniki"]
[Date "2022.07.12"]
[Round "1.1"]
[White "Siskou, Evangelia"]
[Black "Aldea, Maria-Antonia"]
[Result "0-1"]
[WhiteElo "1329"]
[BlackElo "1655"]
[PlyCount "152"]
[EventDate "2022.07.12"]
[EventType "tourn"]
[EventRounds "7"]
[EventCountry "GRE"]
[SourceTitle "Youth Database"]
[Source "CBase R.Goldau"]
[SourceDate "2000.03.01"]
[SourceVersion "1"]
[SourceVersionDate "2022.07.18"]
[SourceQuality "1"]
[WhiteTeam "Griechenland"]
[BlackTeam "Rumänien"]
[WhiteTeamCountry "GRE"]
[BlackTeamCountry "ROU"]

1. e4 c5 2. Nf3 e6 3. g3 d6 4. Bg2 Nf6 5. d3 Be7 6. O-O O-O 7. e5 Nd5 8. Nc3
Nxc3 9. bxc3 Nc6 10. exd6 Bxd6 11. d4 Qc7 12. Be3 Ne7 13. dxc5 Bxc5 14. Bxc5
Qxc5 15. Qd4 Qc7 16. Rfd1 Nf5 17. Qd3 e5 18. Rab1 Rb8 19. Ng5 h6 20. Ne4 Be6
21. Nd6 Nxd6 22. Qxd6 Rfc8 23. Qa3 b6 24. Rd2 Rd8 25. Rbd1 Rxd2 26. Rxd2 Rc8
27. Be4 g6 28. Rd3 Kg7 29. Qa4 Qc4 30. Qxc4 Rxc4 31. Re3 Ra4 32. Bd3 Kf6 33. c4
Rxa2 34. Re2 a5 35. Kf1 Ra1+ 36. Re1 Rxe1+ 37. Kxe1 Ke7 38. Kd2 Kd6 39. Kc3 Kc5
40. f3 a4 41. f4 exf4 42. gxf4 a3 43. Kb3 a2 44. Kxa2 Bxc4+ 45. Bxc4 Kxc4 46.
Kb2 g5 47. f5 g4 48. c3 h5 49. Kc2 h4 50. Kd2 f6 51. Ke3 Kxc3 52. Kf4 g3 53.
hxg3 h3 54. Kf3 h2 55. Kg2 Kd4 56. Kxh2 Ke4 57. g4 Kf4 58. g5 Kxg5 59. Kg3 Kxf5
60. Kf3 b5 61. Ke3 Kg4 62. Kd4 f5 63. Kc5 f4 64. Kxb5 f3 65. Kc4 f2 66. Kd4
f1=Q 67. Kc5 Qd1 68. Kb6 Qc2 69. Ka5 Qb3 70. Ka6 Qb4 71. Ka7 Qb5 72. Ka8 Kf5
73. Ka7 Ke6 74. Ka8 Kd7 75. Ka7 Kc7 76. Ka8 Qa6# 0-1

[Event "EU YCH Team U12 girls"]
[Site "Thessaloniki"]
[Date "2022.07.12"]
[Round "1.2"]
[White "Badica, Ariana"]
[Black "Anemogianni, Savvina"]
[Result "1-0"]
[WhiteElo "1527"]
[BlackElo "1165"]
[PlyCount "74"]
[EventDate "2022.07.12"]
[EventType "tourn"]
[EventRounds "7"]
[EventCountry "GRE"]
[SourceTitle "Youth Database"]
[Source "CBase R.Goldau"]
[SourceDate "2000.03.01"]
[SourceVersion "1"]
[SourceVersionDate "2022.07.18"]
[SourceQuality "1"]
[WhiteTeam "Rumänien"]
[BlackTeam "Griechenland"]
[WhiteTeamCountry "ROU"]
[BlackTeamCountry "GRE"]

1. e4 c5 2. Nc3 Nc6 3. Bb5 Nd4 4. Nf3 e6 5. O-O Nxb5 6. Nxb5 a6 7. Nc3 d6 8. d4
cxd4 9. Qxd4 e5 10. Qd3 Nf6 11. Rd1 Be7 12. Bg5 O-O 13. Bxf6 gxf6 14. Nd5 Kh8
15. Nxe7 Qxe7 16. Qxd6 Qxd6 17. Rxd6 Kg7 18. Nh4 Bg4 19. Nf5+ Bxf5 20. exf5
Rac8 21. c3 Rfd8 22. Rad1 Rxd6 23. Rxd6 Rc4 24. h3 Rf4 25. g4 h5 26. gxh5 Rh4
27. Rb6 Rxh5 28. Rxb7 Rxh3 29. Ra7 Rf3 30. Rxa6 Rxf5 31. b4 Rf3 32. Rc6 f5 33.
b5 f4 34. b6 e4 35. b7 e3 36. b8=Q e2 37. Qe5+ f6 1-0

[Event "EU YCH Team U12 girls"]
[Site "Thessaloniki"]
[Date "2022.07.12"]
[Round "1.1"]
[White "Smietanska, Wiktoria"]
[Black "Shatil, Or"]
[Result "1-0"]
[WhiteElo "1919"]
[BlackElo "1856"]
[PlyCount "97"]
[EventDate "2022.07.12"]
[EventType "tourn"]
[EventRounds "7"]
[EventCountry "GRE"]
[SourceTitle "Youth Database"]
[Source "CBase R.Goldau"]
[SourceDate "2000.03.01"]
[SourceVersion "1"]
[SourceVersionDate "2022.07.18"]
[SourceQuality "1"]
[WhiteTeam "Polen"]
[BlackTeam "Israel"]
[WhiteTeamCountry "POL"]
[BlackTeamCountry "ISR"]

1. e4 c5 2. Nf3 Nc6 3. d4 cxd4 4. Nxd4 Nf6 5. Nc3 e5 6. Ndb5 d6 7. Bg5 a6 8.
Na3 b5 9. Nd5 Be7 10. Bxf6 Bxf6 11. c4 b4 12. Nc2 a5 13. g3 O-O 14. Bg2 Bg5 15.
O-O Ne7 16. b3 Nxd5 17. Qxd5 Be6 18. Qd3 Qb6 19. Kh1 Rac8 20. f4 Be7 21. f5 Bd7
22. Ne3 Bc6 23. h4 Rfe8 24. Qe2 f6 25. Rfd1 a4 26. Nd5 Bxd5 27. Rxd5 axb3 28.
axb3 Rc5 29. Qd2 Rxd5 30. Qxd5+ Kf8 31. Bf3 Qc5 32. Qd2 Rb8 33. Kg2 Bd8 34. Ra4
Ke7 35. Kh3 Bc7 36. Bg2 Qd4 37. Qa2 Qb6 38. Qe2 g6 39. Kh2 Qc5 40. fxg6 hxg6
41. Qg4 Rg8 42. Ra1 Bb6 43. Bh3 Qf2+ 44. Kh1 f5 45. Qg5+ Kd7 46. exf5 Qf3+ 47.
Kh2 Qf2+ 48. Bg2 Bd8 49. Qh6 1-0

[Event "EU YCH Team U12 girls"]
[Site "Thessaloniki"]
[Date "2022.07.12"]
[Round "1.2"]
[White "Levitan, Liel"]
[Black "Nurkiewicz, Anna"]
[Result "0-1"]
[WhiteElo "1473"]
[BlackElo "1303"]
[PlyCount "104"]
[EventDate "2022.07.12"]
[EventType "tourn"]
[EventRounds "7"]
[EventCountry "GRE"]
[SourceTitle "Youth Database"]
[Source "CBase R.Goldau"]
[SourceDate "2000.03.01"]
[SourceVersion "1"]
[SourceVersionDate "2022.07.18"]
[SourceQuality "1"]
[WhiteTeam "Israel"]
[BlackTeam "Polen"]
[WhiteTeamCountry "ISR"]
[BlackTeamCountry "POL"]

1. e4 c5 2. c3 d5 3. exd5 Qxd5 4. d4 Nc6 5. Nf3 Bg4 6. Be2 cxd4 7. cxd4 e6 8.
h3 Bh5 9. O-O Nf6 10. Be3 Be7 11. Nc3 Qa5 12. Qb3 Qb4 13. g4 Bg6 14. Ne5 Rc8
15. Nxc6 bxc6 16. Qxb4 Bxb4 17. a3 Bxc3 18. bxc3 Nd5 19. c4 Nxe3 20. fxe3 c5
21. Kf2 Ke7 22. Kf3 Rhd8 23. Rfd1 cxd4 24. exd4 Rb8 25. Ke3 Rb3+ 26. Bd3 Rc8
27. c5 e5 28. Ke2 exd4 29. Bxg6 hxg6 30. Rxd4 Rxc5 31. Ra4 a5 32. Re4+ Kd6 33.
h4 Rh3 34. g5 Re5 35. Rxe5 Kxe5 36. a4 Rxh4 37. Ra3 Kf5 38. Rf3+ Rf4 39. Ra3
Kxg5 40. Rg3+ Rg4 41. Ra3 f5 42. Kf2 Kf6 43. Kf3 Ke5 44. Re3+ Re4 45. Ra3 g5
46. Kg3 g4 47. Kf2 f4 48. Kg2 Re3 49. Ra2 f3+ 50. Kf1 g3 51. Rd2 g2+ 52. Kg1
Re1+ 0-1

[Event "EU YCH Team U12 girls"]
[Site "Thessaloniki"]
[Date "2022.07.13"]
[Round "2.1"]
[White "Biro, Beata"]
[Black "Jayawarna, Thisumi"]
[Result "0-1"]
[WhiteElo "1551"]
[BlackElo "1369"]
[PlyCount "108"]
[EventDate "2022.07.12"]
[EventType "tourn"]
[EventRounds "7"]
[EventCountry "GRE"]
[SourceTitle "Youth Database"]
[Source "CBase R.Goldau"]
[SourceDate "2000.03.01"]
[SourceVersion "1"]
[SourceVersionDate "2022.07.18"]
[SourceQuality "1"]
[WhiteTeam "Ungarn"]
[BlackTeam "England"]
[WhiteTeamCountry "HUN"]
[BlackTeamCountry "ENG"]

1. e4 c5 2. Nc3 Nc6 3. Bb5 Nd4 4. Bc4 e6 5. Nge2 Ne7 6. d3 Nec6 7. O-O Be7 8.
f4 O-O 9. f5 Bf6 10. Ng3 g6 11. fxg6 fxg6 12. Bb3 b5 13. Qg4 Bg7 14. Bg5 Qe8
15. Rxf8+ Qxf8 16. Rf1 Qe8 17. Bf6 Kh8 18. Bxg7+ Kxg7 19. Nh5+ Kh8 20. Nf6 Qe7
21. Qh3 Bb7 22. a4 a6 23. Ncd5 exd5 24. Nxd5 Qg7 25. Ne7 Nxb3 26. Nxc6 Bxc6 27.
cxb3 Rf8 28. Rxf8+ Qxf8 29. axb5 Bxb5 30. Qg3 d6 31. e5 dxe5 32. Qxe5+ Kg8 33.
Qd5+ Kg7 34. Qe5+ Qf6 35. Qxc5 Kh6 36. Qe3+ g5 37. h4 Kg6 38. hxg5 Qxg5 39.
Qe6+ Kg7 40. d4 Qc1+ 41. Kh2 Qh6+ 42. Qxh6+ Kxh6 43. Kg3 Kg5 44. b4 Bc6 45. Kf2
Kf4 46. g3+ Ke4 47. Ke2 Kxd4 48. Kd2 Kc4 49. Kc2 Kxb4 50. Kb1 Kb3 51. g4 h6 52.
Ka1 Bf3 53. Kb1 Bxg4 54. Ka1 h5 0-1